<?xml version="1.0" encoding="UTF-8"?>
<record
    xmlns:xsi="http://www.w3.org/2001/XMLSchema-instance"
    xsi:schemaLocation="http://www.loc.gov/MARC21/slim http://www.loc.gov/standards/marcxml/schema/MARC21slim.xsd"
    xmlns="http://www.loc.gov/MARC21/slim">

  <leader>01188cam a2200277 a 4500</leader>
  <controlfield tag="001">000007326</controlfield>
  <controlfield tag="003">DO-SdBNP</controlfield>
  <controlfield tag="005">20250318151528.0</controlfield>
  <controlfield tag="008">830725s1982    uy ad    b   f000 0 spa  </controlfield>
  <datafield tag="040" ind1=" " ind2=" ">
    <subfield code="a">DO-SdBNP</subfield>
    <subfield code="b">spa</subfield>
    <subfield code="c">DLC</subfield>
    <subfield code="d">DLC</subfield>
    <subfield code="d">BNPHU</subfield>
  </datafield>
  <datafield tag="049" ind1=" " ind2=" ">
    <subfield code="a">BNGR</subfield>
  </datafield>
  <datafield tag="082" ind1=" " ind2=" ">
    <subfield code="a">982.01</subfield>
    <subfield code="b">L181h</subfield>
  </datafield>
  <datafield tag="100" ind1="1" ind2=" ">
    <subfield code="a">Laguarda Tr&#xED;as, Rolando A,</subfield>
    <subfield code="d">1902-1998.</subfield>
    <subfield code="9">20367</subfield>
  </datafield>
  <datafield tag="245" ind1="1" ind2="3">
    <subfield code="a">El hallazgo del R&#xED;o de la Plata por Amerigo Vespucci en 1502 /</subfield>
    <subfield code="c">Rolando A. Laguarda Tr&#xED;as.</subfield>
  </datafield>
  <datafield tag="260" ind1=" " ind2=" ">
    <subfield code="a">Montevideo, (Uruguay) :</subfield>
    <subfield code="b">Academia Nacional de Letras,</subfield>
    <subfield code="c">1982.</subfield>
  </datafield>
  <datafield tag="300" ind1=" " ind2=" ">
    <subfield code="a">252 p. :</subfield>
    <subfield code="b">il., tab. ;</subfield>
    <subfield code="c">24 cm.</subfield>
  </datafield>
  <datafield tag="490" ind1="1" ind2=" ">
    <subfield code="a">Biblioteca de la Academia Nacional de Letras</subfield>
    <subfield code="v">3</subfield>
    <subfield code="a">Escritos</subfield>
  </datafield>
  <datafield tag="504" ind1=" " ind2=" ">
    <subfield code="a">Incluye referencias bibliogr&#xE1;ficas.</subfield>
  </datafield>
  <datafield tag="600" ind1="1" ind2="4">
    <subfield code="a">VESPUCCI, AMERIGO,</subfield>
    <subfield code="d">1451-1512</subfield>
    <subfield code="9">20370</subfield>
  </datafield>
  <datafield tag="651" ind1=" " ind2="4">
    <subfield code="a">Argentina</subfield>
    <subfield code="x">Descubrimiento y exploraci&#xF3;n</subfield>
    <subfield code="y">1502</subfield>
    <subfield code="9">20368</subfield>
  </datafield>
  <datafield tag="651" ind1=" " ind2="4">
    <subfield code="a">Rio De La Plata (Argentina Y Uruguay{Rpara}</subfield>
    <subfield code="x">Descubrimiento Y Exploraci&#xF3;n</subfield>
    <subfield code="y">1502</subfield>
    <subfield code="9">20369</subfield>
  </datafield>
  <datafield tag="651" ind1=" " ind2="0">
    <subfield code="a">Am&#xE9;rica --</subfield>
    <subfield code="x">Descubrimiento y exploraci&#xF3;n  --</subfield>
    <subfield code="x">Espa&#xF1;oles</subfield>
    <subfield code="9">544</subfield>
    <subfield code="v">Ensayo, conferencias, etc.</subfield>
  </datafield>
  <datafield tag="830" ind1=" " ind2="0">
    <subfield code="a">Biblioteca de la Academia Nacional de Letras ;</subfield>
    <subfield code="v">3,</subfield>
    <subfield code="p">Escritos</subfield>
    <subfield code="9">20371</subfield>
  </datafield>
  <datafield tag="910" ind1=" " ind2=" ">
    <subfield code="a">Catalogaci&#xF3;n por copia / LC</subfield>
  </datafield>
  <datafield tag="942" ind1=" " ind2=" ">
    <subfield code="2">ddc</subfield>
    <subfield code="c">LBS1</subfield>
  </datafield>
  <datafield tag="952" ind1=" " ind2=" ">
    <subfield code="0">0</subfield>
    <subfield code="1">0</subfield>
    <subfield code="5">2</subfield>
    <subfield code="7">0</subfield>
    <subfield code="8">MO</subfield>
    <subfield code="a">GR</subfield>
    <subfield code="b">GR</subfield>
    <subfield code="c">CT</subfield>
    <subfield code="d">2009-09-07</subfield>
    <subfield code="i">LF1</subfield>
    <subfield code="l">0</subfield>
    <subfield code="o">982.01 L181h</subfield>
    <subfield code="p">7326-10</subfield>
    <subfield code="r">2020-06-25</subfield>
    <subfield code="w">2020-06-25</subfield>
    <subfield code="y">2</subfield>
    <subfield code="Z">Pr&#xE9;stamo interno</subfield>
  </datafield>
  <datafield tag="999" ind1=" " ind2=" ">
    <subfield code="c">7107</subfield>
    <subfield code="d">7107</subfield>
  </datafield>
</record>
